000 00324nam a22001337a 4500
008 180917b xxu||||| |||| 00| 0 eng d
020 _a9781605477275
041 _aeng
080 _25 ED
_a610.73
100 _a2
101 _aMUR
245 _aPsychiatric Nursing Contemporary Practice
_cBoyd M
942 _2udc
_cBK
999 _c47844
_d47844